| 000 | 00929cam a22002054a 4500 | ||
|---|---|---|---|
| 005 | 20250605163946.0 | ||
| 008 | 250528s ||||||||||||||||||||||||d | ||
| 035 | _a15221 | ||
| 020 | _a140091025 | ||
| 040 |
_aGR-AtMCL _bgre _dGR-AtMCL _eAACR2 |
||
| 245 | 1 | _aUnderstanding Company Financial Statements / Third Edition | |
| 250 | _a3rd | ||
| 260 |
_bPenguin Books, _c1988 |
||
| 300 | _a180 | ||
| 520 | _aThe book is a concise guide to the contents of a company annual report. Preface, Companies and Their Reports, The Financial Statements, Taxation and Audit, Regulation and Formats and Accounting Standards and Inflation, Tools of Analysis and Sources of Information, Profitability and Return on Investment and Value Added, Liquidity and Cash Flows, Sources of Funds and Capital Structure, Summary and Reading Guide, Appendices, Index. | ||
| 700 | 1 |
_aParker H. R _91108 |
|
| 942 | _cBK | ||
| 999 |
_c815 _d815 |
||